000
00287nam a22001337a 4500
020
_a
978-0415077613
041
_a
ENG
100
_a
Barry.R.G
245
_a
Atmosphere,Weather And Climate
260
_a
New york
_b
Routledge
_c
1996
300
_a
421
650
_a
SWCE
856
_u
SWCE
999
_c
2430
_d
2430